000 00868nam a2200241 i 4500
001 8314
003 ES-MaACL
005 20230906145430.0
007 t|
008 920504s1989 sp ||||1| spa d
020 _a84-7788-086-7
080 _a728.81(464+467.42)
100 1 _aHerrera Casado, Antonio.
_963214
245 1 0 _aCastillos y fortalezas de Castilla-La Mancha /
_cAntonio Herrera Casado.
260 _a[S.l.] :
_bJunta de Comunidades de Castilla-La Mancha, Servicio de Publicaciones,
_c[1989]
300 _a299 p. :
_bil. col. ;
_c24 cm.
490 1 _aPatrimonio histórico de Castilla-La Mancha ;
_v1
650 1 4 _aCastillos-
_zCastilla-La Mancha.
_910825
710 1 _aCastilla-La Mancha.
_bJunta de Comunidades.
_92495
830 0 _aPatrimonio histórico de Castilla-La Mancha ;
_v1
_9180683
852 _aES-MaACL
_jL-15672
999 _c8314
_d8314